00659nam a2200241 a 4500001001300000003000900013005001700022008004100039020001000080082001700090100001400107245004200121260003100163300000800194500003500202505001000237650001100247700001400258902000800272942000700280952011700287999001300404nice12345678IN_TiNIC20260116011337.0050524s1930 luna grp 000 0 ger  ac10000a297.124bMOB aMoberg, A aUber Engle Christiche Legenden in Der aLundbHaken Ohlssonsc1930 a38p aincludes index and biblioraphy2 aIndex aHadith1 aMoberg, A bSRS cBK 001040708StackRoom-aHMIbHMId2007-08-07g100.00l0o297.124 MOBp00910r2007-08-07v100.00w2005-05-24yBK c691d691